[Event "Rewal op-B 19th"]
[Site "Rewal"]
[Date "2014.08.21"]
[Round "3"]
[White "Koziol, Kamil"]
[Black "Kwasny, Leszek"]
[Result "1-0"]
[WhiteElo "2090"]
[BlackElo "1947"]
[PlyCount "105"]
[EventDate "2014.08.19"]
[EventType "swiss"]
[EventRounds "9"]
[EventCountry "POL"]
[SourceTitle "EXT 2015"]
[Source "ChessBase"]
[SourceDate "2014.11.20"]
[SourceVersion "1"]
[SourceVersionDate "2014.11.20"]
[SourceQuality "1"]

1. e4 c6 2. d4 d5 3. Nc3 dxe4 4. Nxe4 Nd7 5. Ng5 Ngf6 6. Bd3 g6 7. N1f3 Qc7 8. Qe2 h6 9. Ne4 Bg7 10. Nxf6+ Nxf6 11. Ne5 0-0 12. 0-0 Nd7 13. Nxg6 fxg6 14. Qe6+ Kh8 15. Qxg6 Nf6 16. Bxh6 e6 17. Rae1 Qf7 18. Qg5 Nh7 19. Bxg7+ Qxg7 20. Qh4 Rf6 21. Re3 Rh6 22. Qd8+ Qf8 23. Qxf8+ Nxf8 24. f4 Bd7 25. g4 Re8 26. Kg2 Kg7 27. Kg3 Ng6 28. Bxg6 Kxg6 29. h4 Reh8 30. h5+ Kf7 31. c4 Rg8 32. Kh4 Rgh8 33. Rfe1 R6h7 34. Re5 b6 35. b4 Rh6 36. d5 cxd5 37. cxd5 R8h7 38. dxe6+ Rxe6 39. Rxe6 Bxe6 40. f5 Bd7 41. Rf1 Rh8 42. g5 Rc8 43. h6 Rc4+ 44. Kg3 Rxb4 45. g6+ Kg8 46. h7+ Kh8 47. Rh1 Bxf5 48. g7+ Kxg7 49. h8Q+ Kf7 50. Qh5+ Bg6 51. Rf1+ Kg7 52. Qe5+ Kg8 53. Qd6 1-0

[Event "POL-chT3 Liga Slaska"]
[Site "Poland"]
[Date "2007.03.18"]
[Round "5"]
[White "Piesik, Piotr"]
[Black "Kwasny, Leszek"]
[Result "1-0"]
[WhiteElo "1909"]
[BlackElo "1942"]
[PlyCount "85"]
[EventDate "2007.01.28"]
[EventType "team-swiss"]
[EventRounds "9"]
[EventCountry "POL"]
[SourceTitle "EXT 2011"]
[Source "ChessBase"]
[SourceDate "2010.11.26"]
[SourceVersion "1"]
[SourceVersionDate "2010.11.26"]
[SourceQuality "1"]
[WhiteTeam "Czestochowa UKS Hetman"]
[BlackTeam "Szombierki TS"]
[WhiteTeamCountry "POL"]
[BlackTeamCountry "POL"]

1. Nf3 d5 2. g3 c5 3. Bg2 Nc6 4. 0-0 Nf6 5. d3 g6 6. Nbd2 Bg7 7. e4 0-0 8. c3 e5 9. Qe2 Re8 10. h3 b6 11. exd5 Nxd5 12. a4 Bf5 13. Ne4 Qd7 14. Kh2 Rad8 15. Rd1 h6 16. Nfd2 Be6 17. Nc4 f5 18. Ned2 Re7 19. Nf1 Rf8 20. Nfe3 Ref7 21. Nxd5 Bxd5 22. Bxd5 Qxd5 23. f4 g5 24. Qg2 Qd7 25. Be3 exf4 26. gxf4 Qc7 27. Rf1 Ne7 28. Kh1 Ng6 29. fxg5 h5 30. Bf2 Nf4 31. Qf3 Ne6 32. Bg3 f4 33. Bh4 Rf5 34. Rg1 a6 35. Rae1 Nd8 36. g6 b5 37. Re7 Qb8 38. axb5 Qxb5 39. Nd6 Qa5 40. Nxf5 Rxf5 41. Rge1 Rf8 42. Qd5+ Kh8 43. Qxh5+ 1-0